00342nam a2200121 a 4500020001500000041000800015100001600023245004700039260005200086300001100138440005600149700001500205 a1566650534 aeng aDelvare, G. aOn the new world Chalcididae (Hymenoptera) aFloridabAmerican Entomological Institutec1992 a466 p. aMemoirs of the American Entomological Instituten53 aBoucek, Z.